Score 0/20 Timer 08:00
1 Play Today
% Correct
Dawson, Rose Dawson.
94.6%
It is unsinkable. God himself could not sink this ship.
93.2%
Yes, actually. I wanted to convey sheer size, and size means stability, luxury, and above all, strength.
90.8%
To the stars.
90.6%
No, I don't see the need. We are making excellent time.
89.6%
Oh stop it, mother. You'll give yourself a nose bleed.
88.8%
You want to walk a little faster through that valley there?
88.2%
The best I've seen, ma'am. Hardly any rats.
87.1%
Of course not! That's not the point! Goodbye, I'll miss you!
84.8%
What, they didn't teach you that in finishing school?
84.8%
% Correct
Iceberg, right ahead!
83.8%
Come on, just give me your hand. I'll pull you back over.
83.5%
No. Put your hands on me, Jack.
81.4%
Charmed, I'm sure.
81.2%
You're right… only you could do that.
73.8%
He does landscapes.
68.4%
Shut up!
66.4%
It's pay day, boys.
58.4%
All you had to do was wait two days!
52.5%
Just start from the outside and work your way in.
50.9%
Remove Ads.
Support Sporcle.
Get the best of Sporcle when you Go Orange. This ad-free experience offers more features, more stats, and more fun while also helping to support Sporcle. Thank you for becoming a member.

You're not logged in!

Compare scores with friends on all Sporcle quizzes.
OR
Log In

Show Comments

Extras

Top Quizzes Today


Score Distribution

Your Account Isn't Verified!

In order to create a playlist on Sporcle, you need to verify the email address you used during registration. Go to your Sporcle Settings to finish the process.

Report this User

Report this user for behavior that violates our Community Guidelines.

Details: